[Event "Mondiale Lampo FIDE 2019"]
[Site "Mosca"]
[Date "29.12.2019"]
[Round "1.65"]
[White "Fridman, Daniel"]
[Black "Tregubov, Pavel V."]
[Result "1-0"]
[WhiteTitle "GM"]
[BlackTitle "GM"]
[WhiteElo "2616"]
[BlackElo "2588"]
[WhiteFideId "11600454"]
[BlackFideId "4115341"]
[EventDate "2019.12.29"]

1. d4 Nf6 2. Nf3 e6 3. c4 Bb4+ 4. Bd2 Qe7 5. g3 Bxd2+ 6. Qxd2 Nc6 7. a3 d6 8.
Nc3 O-O 9. Bg2 e5 10. O-O e4 11. Ng5 Bf5 12. Nd5 Nxd5 13. cxd5 Nxd4 14. Qxd4
Qxg5 15. Bxe4 Bxe4 16. Qxe4 Rfe8 17. Qd3 Qe5 18. e3 c5 19. dxc6 bxc6 20. Rfd1
Red8 21. Qd4 Kf8 22. Rac1 Qxd4 23. Rxd4 c5 24. Rh4 Rab8 25. b4 cxb4 26. axb4 Rd7
27. Rxh7 Rxb4 28. Rc8+ Ke7 29. Rxg7 d5 30. Kg2 d4 31. Rg4 a5 32. Re4+ Kf6 33.
Rc6+ Kg7 34. exd4 Rbxd4 35. Rxd4 Rxd4 36. Ra6 a4 37. Kf3 Rb4 38. h4 f6 39. h5
Rc4 40. g4 Rb4 41. Kg3 Rc4 42. Ra7+ Kh6 43. Rf7 Rc6 44. Kh4 Ra6 45. f4 1-0

[Event "Mondiale Lampo FIDE 2019"]
[Site "Mosca"]
[Date "29.12.2019"]
[Round "1.66"]
[White "Gutenev, Alexander"]
[Black "Alekseev, Evgeny"]
[Result "1/2-1/2"]
[WhiteTitle "IM"]
[BlackTitle "GM"]
[WhiteElo "2469"]
[BlackElo "2620"]
[WhiteFideId "4195540"]
[BlackFideId "4138147"]
[EventDate "2019.12.29"]

1. e4 c5 2. Nf3 e6 3. d4 cxd4 4. Nxd4 Nc6 5. Nc3 a6 6. Be2 d6 7. O-O Nf6 8. Be3
Be7 9. f4 O-O 10. Kh1 Bd7 11. Qe1 b5 12. a3 Nxd4 13. Bxd4 Bc6 14. Qg3 g6 15. Bd3
Nh5 16. Qg4 Nxf4 17. Qxf4 e5 18. Bxe5 dxe5 19. Qxe5 Bd6 20. Qd4 Qc7 21. h3 Be5
22. Qc5 Bd6 23. Qg5 Be5 24. Rae1 Rfe8 25. Qe3 Rad8 26. Qf3 Kg7 27. Qf2 Re7 28.
Qc5 Bb7 29. Qxc7 Rxc7 30. a4 b4 31. Nd5 Bxd5 32. exd5 Bxb2 33. Bxa6 Rxd5 34. Re2
Ra5 35. Bb5 Bc3 36. g3 Raa7 1/2-1/2

[Event "Mondiale Lampo FIDE 2019"]
[Site "Mosca"]
[Date "29.12.2019"]
[Round "1.67"]
[White "Alonso Rosell, Alvar"]
[Black "Rychagov, Andrey"]
[Result "1-0"]
[WhiteTitle "GM"]
[BlackTitle "GM"]
[WhiteElo "2548"]
[BlackElo "2545"]
[WhiteFideId "2270544"]
[BlackFideId "4119932"]
[EventDate "2019.12.29"]

1. d4 d5 2. Nf3 Nf6 3. c4 e6 4. cxd5 exd5 5. Nc3 c6 6. Bg5 Be7 7. e3 Bf5 8. Bd3
Bxd3 9. Qxd3 O-O 10. O-O Nbd7 11. Qc2 Re8 12. Nd2 Nf8 13. Bxf6 Bxf6 14. b4 a6
15. Na4 Rc8 16. Nc5 Rc7 17. Rab1 Be7 18. a4 Bd6 19. Nf3 Ng6 20. Nd3 Nh4 21. Qe2
Qf6 22. Rfc1 Nxf3+ 23. Qxf3 Qg6 24. Rb3 Rec8 25. g3 h5 26. Nf4 Bxf4 27. Qxf4 Qe6
28. Rbc3 g6 29. Rc5 Kg7 30. h4 Qf6 31. Qxf6+ Kxf6 32. b5 axb5 33. axb5 Ke6 34.
Kg2 Kd6 35. b6 Re7 36. Ra5 Ree8 37. Ra7 Re7 38. Kf1 c5 39. Ra5 c4 40. Rb1 Rd7
41. Ke2 Rc6 42. Kd2 Ke6 43. Ra7 Kf5 44. f3 f6 45. Rb5 Ke6 46. Kc3 g5 47. Ra8 Kf7
48. Rb8 Re6 49. Kd2 Rc6 50. Rh8 Kg6 51. Re8 Kf7 52. Rh8 Kg6 53. Rb8 Re6 54. Rc8
Kf7 55. Rc7 Ke7 56. Rxd5 Rxc7 57. bxc7 Rc6 58. hxg5 fxg5 59. Rxg5 Rxc7 60. Rg7+
Kd6 61. Rxc7 Kxc7 62. Kc3 b5 63. f4 Kd6 64. f5 Ke7 65. e4 Kf6 66. Kb4 Kg5 67. d5
Kf6 68. d6 1-0

[Event "Mondiale Lampo FIDE 2019"]
[Site "Mosca"]
[Date "29.12.2019"]
[Round "1.68"]
[White "Xu, Yinglun"]
[Black "Bocharov, Dmitry"]
[Result "1-0"]
[WhiteTitle "GM"]
[BlackTitle "GM"]
[WhiteElo "2555"]
[BlackElo "2524"]
[WhiteFideId "8604940"]
[BlackFideId "4138716"]
[EventDate "2019.12.29"]

1. d4 Nf6 2. c4 e6 3. Nf3 d5 4. Nc3 c6 5. Bg5 Nbd7 6. e3 Qa5 7. Nd2 dxc4 8. Bxf6
Nxf6 9. Nxc4 Qc7 10. Be2 Be7 11. a3 O-O 12. O-O c5 13. dxc5 Bxc5 14. b4 Be7 15.
Rc1 Bd7 16. Na5 b6 17. Nd5 Qd8 18. Nb7 Qe8 19. Nc7 Qb8 20. Bf3 Nd5 21. Nxa8 Qxa8
22. Bxd5 exd5 23. Rc7 Qe8 24. Qxd5 Be6 25. Qc6 Qxc6 26. Rxc6 Rb8 27. Rc7 Bf6 28.
f4 g6 29. Rd1 Kg7 30. Rd2 a6 31. Nd6 a5 32. b5 a4 33. Ne4 Ba1 34. Rc1 Bf6 35.
Nxf6 Kxf6 36. Rd4 Bb3 37. Rc6+ Kf5 38. h3 h5 39. Kf2 h4 40. Kf3 Be6 41. Rxa4
Bd5+ 42. e4+ 1-0

[Event "Mondiale Lampo FIDE 2019"]
[Site "Mosca"]
[Date "29.12.2019"]
[Round "1.69"]
[White "Christiansen, Johan-Sebastian"]
[Black "Atabayev, Saparmyrat"]
[Result "0-1"]
[WhiteTitle "GM"]
[BlackTitle "IM"]
[WhiteElo "2597"]
[BlackElo "2425"]
[WhiteFideId "1512668"]
[BlackFideId "14000571"]
[EventDate "2019.12.29"]

1. d4 Nf6 2. Bg5 e6 3. Nc3 d5 4. e4 Be7 5. e5 Nfd7 6. h4 a6 7. Bxe7 Qxe7 8. Qg4
f5 9. exf6 Nxf6 10. Qe2 c5 11. dxc5 Qxc5 12. O-O-O Nc6 13. g4 O-O 14. g5 Ne8 15.
Nf3 b5 16. h5 b4 17. Na4 Qa5 18. b3 Bd7 19. h6 g6 20. Bh3 Nc7 21. Rhe1 Rf7 22.
Ne5 Nxe5 23. Qxe5 Bxa4 24. bxa4 Re8 25. Re3 Qxa4 26. Rf3 Qd7 27. Rdd3 Ref8 28.
Rxf7 Rxf7 29. f4 a5 30. Re3 Qc6 31. Kb1 a4 32. Qd4 Qc4 33. Qb6 Qxf4 34. Bxe6
Nxe6 35. Qxe6 a3 36. Qe8+ Rf8 37. Qe6+ Qf7 38. Qe5 Qf1+ 39. Re1 Qf7 40. Qd4 Rc8
41. Qd3 Rd8 42. Rf1 Qe7 43. Qd4 Re8 44. Qxd5+ Kh8 45. Qd4+ Kg8 46. Qc4+ Qe6 47.
Qxb4 Qe5 48. Qb3+ Kh8 49. Qxa3 0-1

[Event "Mondiale Lampo FIDE 2019"]
[Site "Mosca"]
[Date "29.12.2019"]
[Round "1.70"]
[White "Baron, Tal"]
[Black "Adhiban, Baskaran"]
[Result "1/2-1/2"]
[WhiteTitle "GM"]
[BlackTitle "GM"]
[WhiteElo "2541"]
[BlackElo "2654"]
[WhiteFideId "2809958"]
[BlackFideId "5018471"]
[EventDate "2019.12.29"]

1. Nf3 Nf6 2. d4 g6 3. Nbd2 Bg7 4. e4 d6 5. Bb5+ c6 6. Bd3 O-O 7. O-O Nbd7 8.
Re1 e5 9. c3 Re8 10. a4 exd4 11. cxd4 d5 12. e5 Nh5 13. Nf1 Nf8 14. Ng3 Bg4 15.
h3 Bxf3 16. Qxf3 Nxg3 17. Qxg3 Ne6 18. Be3 f6 19. f4 fxe5 20. dxe5 Rf8 21. Rad1
Kh8 22. Rf1 Bh6 23. Kh1 a5 24. f5 Bxe3 25. fxe6 Qg5 26. Qxg5 Bxg5 27. Rf7 Rxf7
28. exf7 Kg7 29. Rf1 Kf8 30. g3 Ke7 31. h4 Bh6 32. h5 gxh5 33. Bxh7 Bg7 34. Bg6
Bxe5 35. Re1 Kf6 36. Bxh5 Rf8 37. g4 Bxb2 38. Re8 Ba3 39. Kg2 Bd6 40. Kh3 b5 41.
axb5 cxb5 42. Kh4 b4 43. g5+ Kg7 44. Re6 Bc5 45. Rg6+ Kh7 46. Rh6+ Kg7 47. Rg6+
Kh7 48. Rh6+ Kg7 49. Rg6+ 1/2-1/2

[Event "Mondiale Lampo FIDE 2019"]
[Site "Mosca"]
[Date "29.12.2019"]
[Round "1.71"]
[White "Ivanisevic, Ivan"]
[Black "Ismagambetov, Anuar"]
[Result "1/2-1/2"]
[WhiteTitle "GM"]
[BlackTitle "GM"]
[WhiteElo "2593"]
[BlackElo "2528"]
[WhiteFideId "912417"]
[BlackFideId "13701525"]
[EventDate "2019.12.29"]

1. c4 Nf6 2. Nc3 g6 3. g3 Bg7 4. Bg2 O-O 5. d4 d6 6. Nf3 Nbd7 7. Bf4 Nh5 8. Bg5
h6 9. Be3 e5 10. Qd2 Kh7 11. O-O-O c6 12. dxe5 dxe5 13. Bh3 f5 14. g4 fxg4 15.
Bxg4 Nhf6 16. Bh3 Qe7 17. Rhg1 Nb6 18. Bxc8 Raxc8 19. Qc2 e4 20. Nh4 Rfd8 21.
Nxg6 Rxd1+ 22. Nxd1 Qf7 23. b3 Re8 24. Nc3 Nbd7 25. Bd4 b5 26. e3 bxc4 27. Nf4
cxb3 28. Qxb3 Qxb3 29. axb3 Bh8 30. Na4 Nd5 31. Nxd5 cxd5 32. Bxh8 Rxh8 33. Kb2
Rf8 34. Rg2 Ne5 35. Nc3 Nd3+ 36. Ka3 Rf6 37. b4 Rd6 38. b5 a6 39. Ka4 axb5+ 40.
Kxb5 Rd8 41. Ne2 Rf8 42. Kc6 Rxf2 43. Rxf2 Nxf2 44. Kxd5 Ng4 45. Kxe4 Nxh2 46.
Kf4 Nf1 47. e4 Nd2 48. e5 Kg6 49. Nd4 Nc4 50. Ke4 Nxe5 51. Kxe5 1/2-1/2

[Event "Mondiale Lampo FIDE 2019"]
[Site "Mosca"]
[Date "29.12.2019"]
[Round "1.72"]
[White "Vastrukhin, Oleg"]
[Black "Afanasiev, Nikita"]
[Result "1-0"]
[WhiteTitle "IM"]
[BlackTitle "IM"]
[WhiteElo "2428"]
[BlackElo "2517"]
[WhiteFideId "4192770"]
[BlackFideId "24183555"]
[EventDate "2019.12.29"]

1. Nf3 c5 2. g3 Nc6 3. Bg2 g6 4. O-O Bg7 5. c4 e6 6. Nc3 Nge7 7. e3 d5 8. cxd5
exd5 9. d4 cxd4 10. Nxd4 O-O 11. h3 Rb8 12. Nce2 Nf5 13. Nxf5 Bxf5 14. Nf4 d4
15. e4 Bd7 16. Bd2 Qb6 17. Qb3 Qxb3 18. axb3 a6 19. Rac1 Rbc8 20. Nd5 Be6 21. f4
f6 22. f5 Bf7 23. g4 Rfe8 24. h4 Bxd5 25. exd5 Ne5 26. d6 Rcd8 27. g5 Rxd6 28.
Bxb7 Nd3 29. Rc7 gxf5 30. Rxf5 Re2 31. Bd5+ Kf8 32. Rf7+ Ke8 33. Rxg7 Rxd2 34.
gxf6 Rd1+ 35. Kh2 Rd2+ 36. Kg3 Rf2 37. f7+ 1-0

[Event "Mondiale Lampo FIDE 2019"]
[Site "Mosca"]
[Date "29.12.2019"]
[Round "1.73"]
[White "Salgado Lopez, Ivan"]
[Black "Studer, Noel"]
[Result "1-0"]
[WhiteTitle "GM"]
[BlackTitle "GM"]
[WhiteElo "2605"]
[BlackElo "2546"]
[WhiteFideId "2257327"]
[BlackFideId "1319620"]
[EventDate "2019.12.29"]

1. e4 e6 2. d4 d5 3. Nd2 c5 4. Ngf3 cxd4 5. Nxd4 Nc6 6. Bb5 Bd7 7. Nxc6 bxc6 8.
Bd3 Qc7 9. Qe2 Bd6 10. Nf3 dxe4 11. Bxe4 Nf6 12. Bd3 O-O 13. Bg5 Nd5 14. O-O
Rae8 15. Rad1 e5 16. c4 Nb4 17. Bb1 e4 18. Qd2 Re6 19. Bxe4 f5 20. Bb1 h6 21. c5
Bxc5 22. Bf4 Qb6 23. Qxd7 Re2 24. Bxf5 Bxf2+ 25. Kh1 Nd5 26. Be6+ Kh7 27. Be5
Rxe5 28. Nxe5 Ne3 29. Qd3+ 1-0

[Event "Mondiale Lampo FIDE 2019"]
[Site "Mosca"]
[Date "29.12.2019"]
[Round "1.74"]
[White "Lobanov, Sergei"]
[Black "Petrosian, Tigran L."]
[Result "0-1"]
[WhiteTitle "IM"]
[BlackTitle "GM"]
[WhiteElo "2504"]
[BlackElo "2601"]
[WhiteFideId "24183750"]
[BlackFideId "13301616"]
[EventDate "2019.12.29"]

1. e4 g6 2. d4 Bg7 3. Nc3 a6 4. f4 b5 5. Nf3 d6 6. Bd3 Nd7 7. O-O c5 8. Be3 Bb7
9. dxc5 Nxc5 10. Bxc5 dxc5 11. e5 Qc7 12. Be4 Rd8 13. Qe2 Nh6 14. Bxb7 Qxb7 15.
Rad1 O-O 16. Rxd8 Rxd8 17. Rd1 Rc8 18. Ne4 Qc6 19. Qd3 Nf5 20. Qd7 Qa8 21. Kf2
Bf8 22. Ng3 Nd4 23. Nxd4 Rd8 24. Qc7 cxd4 25. Qa5 Rc8 26. Qd2 Qc6 27. Rc1 e6 28.
Qd3 Qc4 29. Qxc4 bxc4 30. Ne4 Kg7 31. b3 cxb3 32. axb3 Ba3 33. Ra1 Rxc2+ 34. Kf3
Bc1 35. Rxa6 d3 36. Rd6 d2 37. Rd7 Rb2 38. b4 h6 39. g3 Rxb4 40. Nxd2 Rb2 41.
Ne4 Rb3+ 42. Kf2 Ba3 43. Nd6 Bxd6 44. Rxd6 Rb2+ 45. Kg1 g5 46. Rd7 gxf4 47. gxf4
Kg6 48. Rd4 Kf5 49. Rd7 Kg6 50. Rd4 h5 51. h3 Rc2 52. Kh1 Kf5 53. Kg1 h4 54. Ra4
Re2 55. Rb4 Re4 56. Rb7 Kxf4 57. Rxf7+ Kg3 58. Rg7+ Kxh3 59. Rg5 Rg4+ 0-1

[Event "Mondiale Lampo FIDE 2019"]
[Site "Mosca"]
[Date "29.12.2019"]
[Round "1.75"]
[White "Safarli, Eltaj"]
[Black "Murzin, Volodar"]
[Result "1/2-1/2"]
[WhiteTitle "GM"]
[BlackTitle "IM"]
[WhiteElo "2601"]
[BlackElo "2442"]
[WhiteFideId "13402129"]
[BlackFideId "44155573"]
[EventDate "2019.12.29"]

1. e4 c6 2. d4 d5 3. exd5 cxd5 4. c4 Nf6 5. Nc3 g6 6. Qb3 Bg7 7. cxd5 O-O 8. Be2
Nbd7 9. Bf3 Nb6 10. Bg5 a5 11. Nge2 a4 12. Qb5 Bd7 13. Qb4 Bf5 14. Bxf6 Bxf6 15.
O-O Rc8 16. Nxa4 Nxd5 17. Qxb7 e6 18. Bxd5 exd5 19. Nac3 Rb8 20. Qxd5 Rxb2 21.
Qf3 Bg7 22. a4 Qa5 23. Ng3 Be6 24. d5 Bd7 25. Nce4 Rb6 26. Rab1 Rxb1 27. Rxb1 f5
28. Ng5 Qxa4 29. h3 Re8 30. Kh2 h6 31. Ne6 Bxe6 32. dxe6 Rxe6 33. Qd5 Qc6 34.
Rb8+ Kh7 35. Qd8 h5 36. Rc8 Qd6 37. Qg8+ Kh6 38. Rd8 Qe5 39. Rd7 Re7 40. f4 Qf6
41. Rxe7 Qxe7 42. Qd5 Qf6 43. Ne2 Kh7 44. Ng1 Bh6 45. Qd7+ Qg7 46. Qd6 Qf8 47.
Qc7+ Qg7 48. Qb8 Qd4 49. Qc7+ Qg7 50. Qd6 Qf8 51. Qd2 Qb8 52. Qd7+ Kh8 53. Qd4+
Kh7 54. Ne2 Qc7 55. h4 Bg7 56. Qe3 Bf6 57. g3 Qd6 58. Qf3 Kg7 59. Kg2 Qe7 60.
Qd3 Qb7+ 61. Kh2 Qe7 62. Ng1 Qa7 63. Kg2 Qb7+ 64. Nf3 Qc6 65. Qe2 Qb7 66. Kh2
Qc6 67. Ng5 Bxg5 68. hxg5 Kf7 69. Qb2 Qd6 70. Qb7+ Qe7 71. Qd5+ Qe6 72. Qd3 Qa2+
73. Kh3 Qe6 74. Qc3 Qd6 75. Qh8 Qc6 76. Qh7+ Kf8 77. Qh8+ Kf7 78. Qh7+ Kf8 79.
Qh8+ 1/2-1/2

[Event "Mondiale Lampo FIDE 2019"]
[Site "Mosca"]
[Date "29.12.2019"]
[Round "1.76"]
[White "Atabayev, Maksat"]
[Black "Zvjaginsev, Vadim"]
[Result "1-0"]
[WhiteTitle "GM"]
[BlackTitle "GM"]
[WhiteElo "2475"]
[BlackElo "2627"]
[WhiteFideId "14001101"]
[BlackFideId "4113403"]
[EventDate "2019.12.29"]

1. e4 c5 2. Nf3 Nc6 3. c3 e6 4. d4 d5 5. e5 Bd7 6. a3 f6 7. Bd3 fxe5 8. dxe5 Nh6
9. O-O Nf7 10. Re1 g6 11. Bf4 Bg7 12. b4 c4 13. Bc2 Qe7 14. Nbd2 O-O-O 15. h4
Rdf8 16. Qe2 Bh6 17. Bxh6 Nxh6 18. b5 Na5 19. Qe3 Ng4 20. Qxa7 Nb3 21. Bxb3 cxb3
22. c4 d4 23. Qa8+ Kc7 24. Qa5+ Kc8 25. c5 b2 26. Qa8+ Kc7 27. b6+ Kc6 28. Nxd4+
Kd5 29. Qxb7+ Kxd4 30. Rac1 Nxf2 31. Nb3+ Kd3 32. Qa6+ 1-0

[Event "Mondiale Lampo FIDE 2019"]
[Site "Mosca"]
[Date "29.12.2019"]
[Round "1.77"]
[White "Mozharov, Mikhail"]
[Black "Suleymanli, Aydin"]
[Result "1/2-1/2"]
[WhiteTitle "GM"]
[BlackTitle "IM"]
[WhiteElo "2558"]
[BlackElo "2473"]
[WhiteFideId "4189825"]
[BlackFideId "13413937"]
[EventDate "2019.12.29"]

1. c4 e5 2. Nc3 Bb4 3. Nd5 Bc5 4. e3 c6 5. Nc3 Qe7 6. a3 Bb6 7. Be2 d6 8. d3 f5
9. Nf3 Nf6 10. O-O O-O 11. b4 h6 12. Bb2 a5 13. c5 dxc5 14. Na4 Bc7 15. Nxc5 b6
16. Na4 axb4 17. axb4 Bb7 18. Qc2 Nbd7 19. Nh4 Qe6 20. Nf3 Kh7 21. Rfc1 Rfc8 22.
Bc3 Bd6 23. Nb2 Nd5 24. Qb3 b5 25. Be1 Qe7 26. g3 e4 27. Nd4 Qf6 28. Rxa8 Rxa8
29. Nxc6 N7b6 30. Nd4 Be5 31. dxe4 fxe4 32. Rd1 Rf8 33. Bxb5 h5 34. Nc4 Bxd4 35.
Rxd4 h4 36. Nxb6 Nxb6 37. Bf1 hxg3 38. hxg3 Qf5 39. Qd1 Nd5 40. b5 Nxe3 41. Qe2
Nxf1 42. Qxf1 Qc5 43. Qc4 Qh5 44. Rd7 Ba8 45. Qd4 Qg6 46. Bc3 Rf7 47. Rxf7 Qxf7
48. Bd2 Bb7 49. Be3 Qh5 50. b6 Bc6 51. Qd2 Qb5 52. Qc2 Bd5 53. Kg2 Qe8 54. Qc5
Qf7 55. Kg1 Qh5 56. Qd4 Qf7 57. Bd2 Qf5 58. Bc3 Qg5 59. Bd2 Qh5 60. Be3 Qf7 61.
Qe5 Bb7 62. Qg5 Qd7 63. Qh5+ Kg8 64. Qg6 Qd1+ 65. Kh2 Qd7 66. g4 Qe7 67. Kh3 Bc8
68. Bd4 Qd7 69. Be3 Qe7 70. Kh2 Qe5+ 71. Kg2 Qe7 72. Kg3 Qe5+ 73. Bf4 Qc3+ 74.
Kh4 Qc4 75. Be5 Qf7 76. Qd6 Bb7 77. Qd8+ Kh7 78. Bd4 e3 79. Bxe3 Qf3 80. Qd3+
Be4 81. Qf1 Qf6+ 82. Kg3 Qf3+ 83. Kh4 Qf6+ 84. Bg5 Qxb6 85. Qe1 Qc6 86. Qe3 Bg6
87. Kg3 Qh1 88. f4 Be4 89. f5 Qg2+ 90. Kf4 Bb7 91. Be7 Qf1+ 92. Ke5 Qa1+ 93. Kf4
Qf1+ 94. Ke5 Qa1+ 1/2-1/2

[Event "Mondiale Lampo FIDE 2019"]
[Site "Mosca"]
[Date "29.12.2019"]
[Round "1.78"]
[White "Faizrakhmanov, Ramil"]
[Black "Pashikian, Arman"]
[Result "0-1"]
[WhiteTitle "IM"]
[BlackTitle "GM"]
[WhiteElo "2434"]
[BlackElo "2605"]
[WhiteFideId "24103209"]
[BlackFideId "13301578"]
[EventDate "2019.12.29"]

1. d4 Nf6 2. c4 e6 3. Nf3 d5 4. Nc3 Bb4 5. Qa4+ Nc6 6. e3 O-O 7. Qc2 Re8 8. a3
Bd6 9. h3 a6 10. Be2 dxc4 11. Bxc4 h6 12. O-O e5 13. Rd1 exd4 14. exd4 Bd7 15.
Bxh6 gxh6 16. Qg6+ Kh8 17. Qxh6+ Nh7 18. Bxf7 Qf6 19. Qxf6+ Nxf6 20. Bxe8 Rxe8
21. Re1 Rg8 22. Kh1 Nh5 23. Ne5 Be8 24. Nxc6 Bxc6 25. d5 Bd7 26. Ne4 Nf4 27. Nf6
Rg7 28. Nxd7 Rxd7 0-1

[Event "Mondiale Lampo FIDE 2019"]
[Site "Mosca"]
[Date "29.12.2019"]
[Round "1.79"]
[White "Petrov, Nikita"]
[Black "Gurvich, Vitaly"]
[Result "1-0"]
[WhiteTitle "GM"]
[BlackTitle "FM"]
[WhiteElo "2585"]
[BlackElo "2230"]
[WhiteFideId "4101286"]
[BlackFideId "24164852"]
[EventDate "2019.12.29"]

1. c4 c5 2. Nc3 Nf6 3. Nf3 Nc6 4. e3 g6 5. d4 cxd4 6. exd4 d5 7. cxd5 Nxd5 8.
Qb3 Nxc3 9. Bc4 e6 10. bxc3 Bg7 11. Ba3 Bf8 12. Bxf8 Kxf8 13. h4 h6 14. h5 g5
15. O-O Kg7 16. Be2 b6 17. Rad1 Bb7 18. Rfe1 Qf6 19. Nh2 Rhe8 20. Ng4 Qf4 21.
Qb2 Rad8 22. Bf3 f6 23. Qc2 f5 24. Bxc6 Bxc6 25. Ne5 Be4 26. Qa4 Re7 27. g3 1-0

[Event "Mondiale Lampo FIDE 2019"]
[Site "Mosca"]
[Date "29.12.2019"]
[Round "1.80"]
[White "Belousov, Danila"]
[Black "Sychev, Klementy"]
[Result "0-1"]
[WhiteTitle "FM"]
[BlackTitle "GM"]
[WhiteElo "2274"]
[BlackElo "2563"]
[WhiteFideId "4167350"]
[BlackFideId "4114060"]
[EventDate "2019.12.29"]

1. e4 e5 2. f4 exf4 3. Nf3 d6 4. d4 g5 5. h4 g4 6. Ng5 f6 7. Nh3 gxh3 8. Qh5+
Ke7 9. Nc3 c6 10. Bxf4 Qe8 11. Qf3 Qg6 12. gxh3 Bh6 13. h5 Qg7 14. Rh2 Bxf4 15.
Qxf4 Qg5 16. Qf2 Be6 17. Be2 Nd7 18. Rg2 Qh6 19. a4 a5 20. Rd1 Re8 21. Rg3 Bf7
22. Kf1 Bxh5 23. Kg1 Bf7 24. Kh2 Qh4 25. Rdg1 Nh6 26. Qe3 Rhg8 0-1

[Event "Mondiale Lampo FIDE 2019"]
[Site "Mosca"]
[Date "29.12.2019"]
[Round "1.81"]
[White "Sasikiran, Krishnan"]
[Black "Yagupov, Igor"]
[Result "1-0"]
[WhiteTitle "GM"]
[BlackTitle "GM"]
[WhiteElo "2656"]
[BlackElo "2357"]
[WhiteFideId "5004985"]
[BlackFideId "4113632"]
[EventDate "2019.12.29"]

1. e4 e6 2. d4 d5 3. Nc3 dxe4 4. Nxe4 Nd7 5. Nf3 Ngf6 6. Nxf6+ Nxf6 7. g3 c5 8.
Bg2 Qb6 9. a4 a6 10. a5 Qa7 11. Be3 Nd5 12. O-O Be7 13. Bg5 cxd4 14. Bxe7 Nxe7
15. Qxd4 Qxd4 16. Nxd4 Rb8 17. Ra3 e5 18. Nb3 Bd7 19. Nc5 Bc6 20. Rb3 O-O 21.
Bxc6 Nxc6 22. Nd7 Nxa5 23. Rd3 Rbc8 24. Nxf8 Kxf8 25. Rd5 Nc6 26. c3 Rc7 27. f4
exf4 28. gxf4 f6 29. Rfd1 Ke7 30. Kf2 Nb8 31. Re1+ Kf7 32. Rd8 Nd7 33. Kf3 Nb6
34. Rd4 Kg6 35. Red1 Kf5 36. R1d3 h6 37. b3 g5 38. c4 Rc5 39. Rd6 Rc6 40. Rxc6
bxc6 41. Rd6 a5 42. Rxc6 Nd7 43. Rd6 Nf8 44. Rd5+ Kg6 45. f5+ Kh5 46. Rxa5 Nd7
47. Rd5 1-0

[Event "Mondiale Lampo FIDE 2019"]
[Site "Mosca"]
[Date "29.12.2019"]
[Round "1.82"]
[White "Gukesh, D"]
[Black "Abdusattorov, Nodirbek"]
[Result "0-1"]
[WhiteTitle "GM"]
[BlackTitle "GM"]
[WhiteElo "2547"]
[BlackElo "2635"]
[WhiteFideId "46616543"]
[BlackFideId "14204118"]
[EventDate "2019.12.29"]

1. Nf3 Nf6 2. c4 e6 3. Nc3 d5 4. e3 b6 5. cxd5 exd5 6. b3 Bb7 7. Bb2 a6 8. d4
Bd6 9. g3 O-O 10. Bg2 Nbd7 11. O-O Ne4 12. Ne2 Re8 13. Rc1 Rc8 14. Nf4 Bxf4 15.
exf4 f6 16. Re1 c6 17. Ba3 Nf8 18. Nh4 Qd7 19. Qd3 a5 20. Re3 Ng6 21. Nxg6 hxg6
22. Rce1 Kh7 23. h4 f5 24. Bh3 c5 25. dxc5 bxc5 26. Bg2 d4 27. R3e2 Bc6 28. Rc2
Bb5 29. Qd1 Nc3 30. Qa1 Rxe1+ 31. Qxe1 Re8 32. Qa1 Bc6 33. Bxc6 Qxc6 34. Bb2
Ne2+ 35. Kh2 Qf3 36. Qe1 Re4 0-1

[Event "Mondiale Lampo FIDE 2019"]
[Site "Mosca"]
[Date "29.12.2019"]
[Round "1.83"]
[White "Perunovic, Milos"]
[Black "Mesropov, Konstantin"]
[Result "1-0"]
[WhiteTitle "GM"]
[BlackTitle "IM"]
[WhiteElo "2589"]
[BlackElo "2422"]
[WhiteFideId "921629"]
[BlackFideId "4116887"]
[EventDate "2019.12.29"]

1. e4 e6 2. d4 d5 3. Nc3 Nf6 4. e5 Nfd7 5. f4 c5 6. Nf3 Qb6 7. a3 Nc6 8. Be3 a6
9. Be2 Qa7 10. Qd2 b5 11. O-O cxd4 12. Nxd4 Nxd4 13. Bxd4 Bc5 14. Bxc5 Qxc5+ 15.
Kh1 O-O 16. Bd3 Bb7 17. Rae1 g6 18. Nd1 Rae8 19. Nf2 f5 20. exf6 Nxf6 21. Nh3
Ne4 22. Bxe4 dxe4 23. Ng5 e5 24. Nxe4 Bxe4 25. Rxe4 exf4 26. Rexf4 Rxf4 27. Qxf4
Qd5 28. h3 Qe6 29. b3 Kg7 30. Qd4+ Qe5 31. Qa7+ Re7 32. Qxa6 h5 33. Qc8 Re8 34.
Qc6 Re6 35. Qd7+ Re7 36. Qd3 h4 37. c4 bxc4 38. Qxc4 g5 39. a4 Kg6 40. b4 Re6
41. a5 Rf6 42. Qd3+ Kh6 43. Rxf6+ Qxf6 44. Qb1 Qa6 45. b5 Qxa5 46. b6 Qa8 47. b7
Qb8 48. Qb6+ Kh5 49. Qc6 Qe5 50. Qc1 Qb5 51. Qd1+ Kh6 52. Qd6+ Kh5 53. b8=Q 1-0

[Event "Mondiale Lampo FIDE 2019"]
[Site "Mosca"]
[Date "29.12.2019"]
[Round "1.84"]
[White "Batchuluun, Tsegmed"]
[Black "Popov, Ivan RUS"]
[Result "1-0"]
[WhiteTitle "GM"]
[BlackTitle "GM"]
[WhiteElo "2530"]
[BlackElo "2636"]
[WhiteFideId "4900847"]
[BlackFideId "4170350"]
[EventDate "2019.12.29"]

1. d4 e6 2. c4 c5 3. d5 exd5 4. cxd5 d6 5. Nc3 a6 6. a4 g6 7. e4 Bg7 8. h3 Ne7
9. Nf3 O-O 10. Bd3 h6 11. O-O g5 12. Nd2 Nd7 13. Nc4 Ne5 14. Nxe5 Bxe5 15. f4
gxf4 16. Bxf4 Bxf4 17. Rxf4 Ng6 18. Rf2 Qg5 19. e5 Qxe5 20. Qd2 Qg5 21. Qxg5
hxg5 22. Bxg6 fxg6 23. Rxf8+ Kxf8 24. Ne4 Ke7 25. Re1 Bf5 26. Nxc5+ Kf6 27. Nxb7
Rb8 28. Nxd6 Rxb2 29. Nxf5 Kxf5 30. Rd1 Rb7 31. d6 Ke6 32. Kf2 Kd7 33. Rd4 Rb3
34. Rd5 Rb6 35. Kf3 Rb3+ 36. Kg4 Rb4+ 37. Kxg5 Rxa4 38. Kxg6 Ra3 39. Rg5 Re3 1-0

[Event "Mondiale Lampo FIDE 2019"]
[Site "Mosca"]
[Date "29.12.2019"]
[Round "1.85"]
[White "Guseinov, Gadir"]
[Black "Can, Emre"]
[Result "0-1"]
[WhiteTitle "GM"]
[BlackTitle "GM"]
[WhiteElo "2666"]
[BlackElo "2600"]
[WhiteFideId "13401378"]
[BlackFideId "6302181"]
[EventDate "2019.12.29"]

1. e4 g6 2. d4 Bg7 3. Nc3 d6 4. Nf3 a6 5. Be2 b5 6. O-O Bb7 7. Re1 Nd7 8. a4 b4
9. Nd5 Bxd5 10. exd5 Ngf6 11. Bd2 Nxd5 12. Bc4 N7b6 13. Bb3 a5 14. h4 O-O 15. h5
c5 16. dxc5 dxc5 17. Qe2 Qc7 18. Bc4 Nf4 19. Qe4 Nxh5 20. Bb5 Rad8 21. Bg5 f6
22. Qe6+ Kh8 23. Be3 Rd6 24. Qh3 Nd5 25. Nh4 Qc8 26. Qh2 e5 27. Be2 Nhf4 28. Bf3
Kg8 29. Bxf4 Nxf4 30. g3 Ne6 31. Be2 c4 32. Qh3 Nd4 33. Bg4 f5 34. Bd1 e4 35.
Ng2 Ne6 36. Rb1 Rfd8 37. Be2 Nd4 38. Bd1 Ne6 39. Be2 Rd2 40. Ne3 Rxe2 41. Rxe2
Nd4 42. Qf1 Nxe2+ 43. Qxe2 Rd4 44. Rd1 Rxd1+ 45. Qxd1 Bxb2 46. Qd5+ Kg7 47. Nxc4
Bf6 48. Nd6 Qf8 49. Qe6 Kh6 50. Nf7+ Kg7 51. Nd6 Kh6 52. Kg2 Qe7 53. Qd5 e3 54.
fxe3 Kg7 55. Kf3 h5 56. e4 Be5 57. Nc4 fxe4+ 58. Qxe4 Qf6+ 59. Kg2 Bd4 60. Qe2
h4 61. gxh4 Qxh4 62. Nxa5 Qg5+ 63. Kh3 Qxa5 64. Qe7+ Kh8 65. Qe8+ Kh7 66. Qd7+
Bg7 67. Kg2 Qc5 68. Qh3+ Bh6 69. Qd7+ Bg7 70. Qh3+ Kg8 71. Qe6+ Kf8 72. Qxg6
Qd5+ 73. Kh3 Qf3+ 74. Kh2 Be5+ 75. Kg1 Qg3+ 76. Qxg3 Bxg3 77. Kg2 Be5 78. Kf3
Ke7 79. Ke4 Bc3 80. Kd5 Kd7 81. Kc5 Kc7 82. Kb5 Kb7 83. a5 Ka7 84. a6 Bd2 85.
Ka5 b3+ 0-1